000 00597nam a2200241Ia 4500
005 20250425160702.0
008 250425s9999 xx 000 0 und d
020 _a9586530329
041 _aspa
082 _a658.048
100 _aGUIOT, JEAN M.
245 0 _aDISEÑO DE LA ORGANIZACION DEL CARGO A LA MEGAESTRUCTURA
250 _a1A ED.
260 _aBOGOTA
260 _aColombia
_bLEGIS
_c1992
300 _a228
500 _aserie empresarial
650 _aCOMPORTAMIENTO ORGANIZACIONAL
650 _aORGANIZACION
650 _aPLANIFICACION
942 _c01
010 _a2257
999 _c194070
_d194070